U.S. Presidential Candidates from New York - Statistics

General Stats
  • This quiz has been taken 17 times
  • The average score is 14 of 19
Answer Stats
Year Political Party Answer % Correct
1932 Democratic Franklin D. Roosevelt
100%
2016 Democratic Hillary Clinton
100%
1904 Republican Theodore Roosevelt
100%
1812 Federalist + Democratic-Republican Dewitt Clinton
94%
2016 Republican Donald Trump
94%
1944 Republican Thomas E. Dewey
88%
1836 Democratic Martin Van Buren
82%
1928 Democratic Al Smith
76%
1952 Republican Dwight D. Eisenhower
71%
1856 American (Know Nothing) Millard Fillmore
71%
1968 Republican Richard Nixon
71%
1940 Republican Wendell Willkie
71%
1884 Democratic Grover Cleveland
65%
1876 Democratic Samuel Tilden
59%
1904 Democratic Alton B. Parker
47%
1916 Republican Charles Evans Hughes
47%
1816 Federalist Rufus King
47%
1868 Democratic Horatio Seymour
41%
1872 Liberal Republican + Democratic Horace Greeley
35%
No matching quizzes found
Score Distribution
Percent of People with Each Score
Percentile by Number Answered
Your Score History
You have not taken this quiz